000 00534nam a2200217Ia 4500
003 OSt
005 20220928143303.0
006 a|||||r|||| 00| 0
007 ta
008 220927b |||||||| |||| 00| 0 eng d
024 _a21558
037 _cTextual
040 _aSDCL
_cSDCL
_beng
041 _2eng
_aeng
082 _aP15,C:3x5,1, M4
100 _aArora Sudesh
_9501907
245 0 _aDhatvarat prakaran.
260 _c1984
942 _hP15,C:3x5,1, M4
_cTEXL
_2CC
999 _c823597
_d823597